Slovenčina pre cudzincov. /

Uložené v:
Podrobná bibliografia
Hlavní autori: Dratva, Tomáš (Author), Buznová, Viktoria (Author)
Médium: Kniha
Jazyk:Slovak
Vydané: Bratislava : Slovenské pedagogické nakladateľstvo, 2002
Vydanie:2. vyd.
Témy:
ISBN: 8008033622 (brož.)
Fyzický popis: 281 s.
Tagy: Pridať tag
Žiadne tagy, Buďte prvý kto otaguje tento záznam!

MARC

LEADER 00000nam a2200000 a 4500
001 000079621
003 SVKK
005 20021210000000.0
008 021127s2002 bl e sloo
020 |a 8008033622 (brož.) 
040 |a SVKKK  |b slo  |c SVKKK  |e AACR2 
041 0 |a slo 
044 |a bl  |c BR 
080 |a 821.162.4(075)  |2 1997 
100 1 |a Dratva, Tomáš  |4 aut 
245 1 0 |a Slovenčina pre cudzincov. /  |c Tomáš Dratva, Viktoria Buznová 
250 |a 2. vyd. 
260 |a Bratislava :  |b Slovenské pedagogické nakladateľstvo,  |c 2002 
300 |a 281 s. 
653 0 |a jazyk slovenský  |2 SVKKKPH 
653 0 |a učebnice  |2 SVKKKPH 
655 7 |a učebnice  |2 SVKKKPH 
700 1 |a Buznová, Viktoria  |4 aut 
910 |a svkkk 
919 |a 80-08-03362-2 
974 |a UH  |d 20021204 
974 |a KL  |d 20021203 
974 |a MI  |d 20021210 
998 |a BK 
090 |g SCKHL  |k Sklad Hlavná 10 prízemie  |a V.208984  |j 949502  |i 2720047390  |s Absenčne